| 000 | 00785nas a2200253 4500 | ||
|---|---|---|---|
| 001 | BR9501314 | ||
| 003 | BR-BrBNA | ||
| 005 | 20231205093922.0 | ||
| 007 | ta | ||
| 008 | 230509b bl.|||p| |||| 00| 00por d | ||
| 040 |
_aBR-BrBNA _bpor _cBiblioteca Nacional de Agricultura |
||
| 041 | _a(Pt) | ||
| 072 | _aH60 | ||
| 100 | 1 | _aSoares, A.M.Q. | |
| 100 | 1 | _aLopes, C.A. | |
| 245 | 1 | _aMurcha bacteriana (Pseudomonas solanacearum)em duas especies de plantas daninhas da familia Labiatae | |
| 650 | _aErva Daninha | ||
| 650 | _aPlanta Hospedeira | ||
| 650 | _aBacteria | ||
| 650 | _aMurcha Bacteriana | ||
| 773 | 0 |
_tFitopatologia Brasileira (Brazil) _xISSN 0100-4158 _g(Dec 1994), v. 19(4) p. 581-584 _wBR9501314 |
|
| 909 |
_a202311 _bLúcia _c55 _dLúcia Elande |
||
| 942 |
_2AGRIS _n0 _cANA |
||
| 999 |
_c141092 _d141092 |
||